A CuBr laser with high efficiency in the double-pumping-pulse mode; Technical Physics Letters; Vol. 43, iss. 3
| Parent link: | Technical Physics Letters: Scientific Journal Vol. 43, iss. 3.— 2017.— [P. 238-240] |
|---|---|
| Hlavní autor: | |
| Korporativní autor: | |
| Další autoři: | |
| Shrnutí: | Title screen The results of examination of characteristics of a CuBr laser operated in the double-pumping-pulse mode with a lasing pulse repetition rate of 50 Hz are presented. The potential to enhance the laser efficiency by choosing the optimum voltages of dissociation and excitation pulses and time delay values is discussed. It is confirmed that a more than twofold increase in the laser efficiency may be achieved through optimization and matched injection of the excitation-pulse energy into the active medium plasma. A laser efficiency as high as 2.6% (with respect to an excitation pulse) with an average power of 16 mW, an energy of 0.32 mJ, a halfamplitude laser pulse duration of 40 ns, and a time delay of 150 ?s is demonstrated. The maximum average radiation power is 37 mW with an energy of 0.7 mJ and a laser efficiency of 0.7% at an energy density of 24 (2.7) mJ/cm3 of a dissociation (excitation) pumping pulse. Режим доступа: по договору с организацией-держателем ресурса |
| Jazyk: | angličtina |
| Vydáno: |
2017
|
| Témata: | |
| On-line přístup: | http://dx.doi.org/10.1134/S1063785017030051 |
| Médium: | MixedMaterials Elektronický zdroj Kapitola |
| KOHA link: | https://koha.lib.tpu.ru/cgi-bin/koha/opac-detail.pl?biblionumber=654856 |
MARC
| LEADER | 00000naa0a2200000 4500 | ||
|---|---|---|---|
| 001 | 654856 | ||
| 005 | 20250313141611.0 | ||
| 035 | |a (RuTPU)RU\TPU\network\20554 | ||
| 090 | |a 654856 | ||
| 100 | |a 20170525d2017 k||y0rusy50 ba | ||
| 101 | 0 | |a eng | |
| 135 | |a drcn ---uucaa | ||
| 181 | 0 | |a i | |
| 182 | 0 | |a b | |
| 200 | 1 | |a A CuBr laser with high efficiency in the double-pumping-pulse mode |f A. I. Fedorov, D. V. Shiyanov | |
| 203 | |a Text |c electronic | ||
| 300 | |a Title screen | ||
| 320 | |a [References: p. 240 (8 tit.)] | ||
| 330 | |a The results of examination of characteristics of a CuBr laser operated in the double-pumping-pulse mode with a lasing pulse repetition rate of 50 Hz are presented. The potential to enhance the laser efficiency by choosing the optimum voltages of dissociation and excitation pulses and time delay values is discussed. It is confirmed that a more than twofold increase in the laser efficiency may be achieved through optimization and matched injection of the excitation-pulse energy into the active medium plasma. A laser efficiency as high as 2.6% (with respect to an excitation pulse) with an average power of 16 mW, an energy of 0.32 mJ, a halfamplitude laser pulse duration of 40 ns, and a time delay of 150 ?s is demonstrated. The maximum average radiation power is 37 mW with an energy of 0.7 mJ and a laser efficiency of 0.7% at an energy density of 24 (2.7) mJ/cm3 of a dissociation (excitation) pumping pulse. | ||
| 333 | |a Режим доступа: по договору с организацией-держателем ресурса | ||
| 461 | |t Technical Physics Letters |o Scientific Journal | ||
| 463 | |t Vol. 43, iss. 3 |v [P. 238-240] |d 2017 | ||
| 610 | 1 | |a электронный ресурс | |
| 610 | 1 | |a труды учёных ТПУ | |
| 610 | 1 | |a CuBr-лазеры | |
| 610 | 1 | |a импульсы | |
| 610 | 1 | |a эффективность | |
| 610 | 1 | |a лазерное излучение | |
| 700 | 1 | |a Fedorov |b A. I. |g Anatoly Ignatjevich | |
| 701 | 1 | |a Shiyanov |b D. V. |c specialist in the field of electronics |c Engineer of Tomsk Polytechnic University |f 1973- |g Dmitry Valeryevich |3 (RuTPU)RU\TPU\pers\31659 | |
| 712 | 0 | 2 | |a Национальный исследовательский Томский политехнический университет (ТПУ) |b Институт неразрушающего контроля (ИНК) |b Кафедра промышленной и медицинской электроники (ПМЭ) |3 (RuTPU)RU\TPU\col\18719 |
| 801 | 2 | |a RU |b 63413507 |c 20170525 |g RCR | |
| 856 | 4 | |u http://dx.doi.org/10.1134/S1063785017030051 | |
| 942 | |c CF | ||